[Event "BL2-West 2122"]
[Site "Germany"]
[Date "2022.05.01"]
[Round "4.7"]
[White "Kamp, Christoph"]
[Black "Backwinkel, Paul"]
[Result "1/2-1/2"]
[WhiteElo "2260"]
[BlackElo "2294"]
[PlyCount "70"]
[EventDate "2022.03.05"]
[EventType "team-tourn"]
[EventRounds "10"]
[EventCountry "GER"]
[SourceTitle "EXT 2023"]
[Source "ChessBase"]
[SourceDate "2022.10.05"]
[SourceVersion "1"]
[SourceVersionDate "2022.10.05"]
[SourceQuality "1"]
[WhiteTeam "Muenster"]
[BlackTeam "Bochum"]
[WhiteTeamCountry "GER"]
[BlackTeamCountry "GER"]

1. c4 e6 2. Nc3 d5 3. d4 f5 4. Bf4 c6 5. e3 Nf6 6. Nf3 Be7 7. Bd3 0-0 8. 0-0 Ne4 9. h3 Nd7 10. Qc2 g5 11. Bh2 Bd6 12. Ne2 Bxh2+ 13. Nxh2 Ndf6 14. Nf3 Rf7 15. Ne5 Re7 16. f3 Nd6 17. c5 Nf7 18. Nxf7 Rxf7 19. Rac1 Bd7 20. g4 fxg4 21. fxg4 Qe7 22. Ng3 Raf8 23. e4 dxe4 24. Bxe4 Qd8 25. Bg2 Nd5 26. Bxd5 Rxf1+ 27. Rxf1 Rxf1+ 28. Kxf1 cxd5 29. Kg2 Be8 30. Qe2 Qf6 31. Qe3 Bg6 32. b4 a6 33. a3 h6 34. Kg1 Bf7 35. Kg2 Bg6 1/2-1/2

[Event "Oberliga NRW 1920"]
[Site "Germany"]
[Date "2020.03.08"]
[Round "7.6"]
[White "Sandkamp, Ralph"]
[Black "Kamp, Christoph"]
[Result "1-0"]
[WhiteElo "2192"]
[BlackElo "2231"]
[PlyCount "127"]
[EventDate "2019.09.15"]
[EventType "team-tourn"]
[EventRounds "9"]
[EventCountry "GER"]
[SourceTitle "EXT 2022"]
[Source "ChessBase"]
[SourceDate "2021.10.06"]
[SourceVersion "1"]
[SourceVersionDate "2021.10.06"]
[SourceQuality "1"]
[WhiteTeam "Wattenscheid"]
[BlackTeam "Muenster"]
[WhiteTeamCountry "GER"]
[BlackTeamCountry "GER"]

1. Nf3 d5 2. g3 e6 3. Bg2 Nf6 4. 0-0 Be7 5. c4 dxc4 6. Qa4+ Nbd7 7. Qxc4 a6 8. b3 b5 9. Qc2 Bb7 10. Bb2 c5 11. d3 0-0 12. Nbd2 Qb6 13. Rac1 Rac8 14. Qb1 Rfd8 15. Qa1 Ne8 16. Rc2 Bf6 17. Rfc1 Bxb2 18. Qxb2 Nef6 19. Ne5 Bxg2 20. Kxg2 h6 21. Ndf3 Nd5 22. d4 Nxe5 23. dxc5 Qb8 24. Qxe5 Qxe5 25. Nxe5 Nb4 26. Rb2 Rd5 27. a3 Rdxc5 28. Rxc5 Rxc5 29. Nxf7 Kxf7 30. axb4 Rc3 31. h4 Kf6 32. e3 Kf5 33. Kf3 h5 34. Ke2 e5 35. Kf3 g6 36. Ke2 Ke4 37. f3+ Kf5 38. Kd2 Rc6 39. e4+ Ke6 40. Rc2 Rd6+ 41. Ke3 Kf7 42. Rd2 Rc6 43. f4 Ke6 44. fxe5 Kxe5 45. Rd5+ Ke6 46. Rc5 Rd6 47. Rg5 Kf7 48. Rd5 Rc6 49. Kd4 Rc1 50. Rd7+ Ke6 51. Ra7 Rd1+ 52. Ke3 Rb1 53. Rxa6+ Ke5 54. Rxg6 Rxb3+ 55. Kd2 Kxe4 56. Rg5 Kf3 57. Rxb5 Kxg3 58. Kc2 Rf3 59. Rxh5 Kg4 60. Rh8 Re3 61. b5 Re5 62. Rb8 Kxh4 63. Kc3 Kg5 64. b6 1-0

[Event "Oberliga NRW 1920"]
[Site "Germany"]
[Date "2019.11.10"]
[Round "3.7"]
[White "Kamp, Christoph"]
[Black "Savchenko, Daniel"]
[Result "1/2-1/2"]
[WhiteElo "2231"]
[BlackElo "2122"]
[PlyCount "218"]
[EventDate "2019.09.15"]
[EventType "team-tourn"]
[EventRounds "9"]
[EventCountry "GER"]
[SourceTitle "CBM 195 Extra"]
[Source "ChessBase"]
[SourceDate "2020.05.31"]
[SourceVersion "1"]
[SourceVersionDate "2020.05.31"]
[SourceQuality "1"]
[WhiteTeam "Muenster"]
[BlackTeam "Wuppertal Bahn"]
[WhiteTeamCountry "GER"]
[BlackTeamCountry "GER"]

1. c4 e5 2. Nc3 Nc6 3. Nf3 g6 4. e3 Bg7 5. d4 d6 6. Be2 f5 7. dxe5 Nxe5 8. Nxe5 Bxe5 9. Qc2 Ne7 10. b3 0-0 11. Bb2 f4 12. exf4 Bxf4 13. Bf3 Nc6 14. Bd5+ Kg7 15. Ne2+ Be5 16. Bxc6 Qf6 17. Bxe5 Qxe5 18. Qc3 Qxc3+ 19. Nxc3 bxc6 20. f3 Be6 21. Kf2 Rae8 22. Rhe1 Bd7 23. Rxe8 Rxe8 24. Rd1 Re5 25. Rd2 Bf5 26. g4 Bc8 27. Na4 d5 28. cxd5 cxd5 29. Nc5 c6 30. Rd4 Re7 31. Rb4 Kf6 32. Rb8 Rc7 33. Ke3 Ke5 34. Nd3+ Kd6 35. Kd4 c5+ 36. Ke3 c4 37. bxc4 dxc4 38. Nb4 Kc5 39. a3 Re7+ 40. Kd2 Bb7 41. Rf8 Rd7+ 42. Kc2 a5 43. Na2 Rd3 44. Rf7 Bc6 45. Nc3 Rxf3 46. Rxf3 Bxf3 47. g5 Bc6 48. Kd2 Kd4 49. h4 Bd7 50. Ne2+ Ke4 51. Nc3+ Kd4 52. Ne2+ Ke5 53. Ke3 Bf5 54. Nc3 Bc2 55. Nb5 Ba4 56. Nc3 Bc6 57. Ne2 a4 58. Nc3 Kf5 59. Kd4 Kg4 60. Ke5 Kxh4 61. Kf4 Kh3 62. Nd1 Kh2 63. Kg4 Kg1 64. Kf4 Kh2 65. Nc3 Kh3 66. Ne2 Kh4 67. Nc3 Kh5 68. Ne2 Bd7 69. Ng3+ Kh4 70. Ne2 Bf5 71. Nc3 Bc2 72. Nd5 h6 73. gxh6 g5+ 74. Ke5 Bd3 75. Ne3 c3 76. Nf5+ Bxf5 77. Kxf5 c2 78. h7 c1Q 79. h8Q+ Kg3 80. Qd8 Qf4+ 81. Kg6 g4 82. Qd3+ Qf3 83. Qd6+ Kh3 84. Kg5 g3 85. Qd7+ Kh2 86. Qh7+ Kg2 87. Qc2+ Kg1 88. Qb1+ Qf1 89. Qb6+ Kh2 90. Qc7 Qf3 91. Qh7+ Kg1 92. Qb1+ Qf1 93. Qb6+ Kh1 94. Qh6+ Kg2 95. Qc6+ Qf3 96. Qc2+ Kf1 97. Qb1+ Kf2 98. Qc2+ Qe2 99. Qf5+ Kg2 100. Qd5+ Kh2 101. Qd6 Qe3+ 102. Kg4 Qe4+ 103. Kg5 Qh7 104. Kg4 Qg7+ 105. Kh4 Qg8 106. Qe5 Qg6 107. Qe2+ g2 108. Qe5+ Kh1 109. Qh2+ Kxh2 1/2-1/2

[Event "Oberliga NRW 1819"]
[Site "Germany"]
[Date "2019.05.12"]
[Round "9.7"]
[White "Homs, Guust"]
[Black "Kamp, Christoph"]
[Result "1/2-1/2"]
[WhiteElo "2227"]
[BlackElo "2300"]
[PlyCount "101"]
[EventDate "2018.09.16"]
[EventType "team-tourn"]
[EventRounds "9"]
[EventCountry "GER"]
[SourceTitle "EXT 2020"]
[Source "ChessBase"]
[SourceDate "2019.10.17"]
[SourceVersion "1"]
[SourceVersionDate "2019.10.17"]
[SourceQuality "1"]
[WhiteTeam "Erkenschwick"]
[BlackTeam "Muenster"]
[WhiteTeamCountry "GER"]
[BlackTeamCountry "GER"]

1. e4 e6 2. d4 d5 3. Nc3 Bb4 4. Nge2 dxe4 5. a3 Bxc3+ 6. Nxc3 Nc6 7. Bb5 Nge7 8. Bg5 f6 9. Be3 0-0 10. Qd2 f5 11. 0-0-0 Nd5 12. Nxd5 Qxd5 13. Bxc6 Qa2 14. Qc3 bxc6 15. Bf4 Rb8 16. Bxc7 Rb7 17. Bd6 Rd8 18. Bc5 Qa1+ 19. Kd2 Qxb2 20. Qxb2 Rxb2 21. Bxa7 Rb7 22. Bc5 e5 23. Ke3 Rbd7 24. Rd2 Ba6 25. Rhd1 Kf7 26. a4 Ke6 27. Bb6 Rb8 28. a5 Rd5 29. dxe5 Rb7 30. Rxd5 cxd5 31. Kd4 Rb8 32. Rb1 Bc4 33. Rb4 f4 34. Bc5 Rxb4 35. Bxb4 g5 36. Bd2 Kf5 37. g3 h5 38. gxf4 gxf4 39. e6 Kxe6 40. Bxf4 Kf5 41. Bc7 Kg4 42. Ke3 Kf5 43. h3 Ke6 44. Kd4 Kd7 45. Bf4 Kc6 46. Bg5 Bf1 47. h4 Ba6 48. Bd8 Bc4 49. Bb6 Ba6 50. Ke5 Bc4 51. Kd4 1/2-1/2

[Event "NRW Class1 1617"]
[Site "Germany"]
[Date "2016.10.23"]
[Round "2.6"]
[White "Villwock, Martin"]
[Black "Kamp, Christoph"]
[Result "0-1"]
[WhiteElo "2099"]
[BlackElo "2256"]
[PlyCount "58"]
[EventDate "2016.09.25"]
[EventType "team-tourn"]
[EventRounds "9"]
[EventCountry "GER"]
[SourceTitle "EXT 2023"]
[Source "ChessBase"]
[SourceDate "2022.10.05"]
[SourceVersion "1"]
[SourceVersionDate "2022.10.05"]
[SourceQuality "1"]
[WhiteTeam "Katernberg SF II"]
[BlackTeam "Muenster SK"]
[WhiteTeamCountry "GER"]
[BlackTeamCountry "GER"]

1. e4 e6 2. d4 d5 3. Nc3 Bb4 4. e5 c5 5. Qg4 Ne7 6. dxc5 Nbc6 7. Qxg7 Rg8 8. Qxh7 d4 9. a3 Qa5 10. Rb1 dxc3 11. Be3 cxb2+ 12. axb4 Qxb4+ 13. Bd2 Qxc5 14. f4 b6 15. Nf3 Bb7 16. Rxb2 Qa3 17. Rb3 Qa1+ 18. Kf2 Rd8 19. Bc3 Qc1 20. g3 Rg6 21. Bd3 Qxh1 22. Bxg6 Nxg6 23. Ng5 Ncxe5 24. fxe5 Qg2+ 25. Ke3 Qg1+ 26. Ke2 Qd1+ 27. Ke3 Qc1+ 28. Kf2 Qxc2+ 29. Kf1 Rd1+ 0-1

[Event "Oberliga NRW 1516"]
[Site "Germany"]
[Date "2016.05.08"]
[Round "9.6"]
[White "Kamp, Christoph"]
[Black "Ludwig, Peter"]
[Result "1-0"]
[WhiteElo "2172"]
[BlackElo "2184"]
[PlyCount "81"]
[EventDate "2015.09.27"]
[EventType "team-tourn"]
[EventRounds "9"]
[EventCountry "GER"]
[SourceTitle "EXT 2017"]
[Source "ChessBase"]
[SourceDate "2016.10.25"]
[SourceVersion "1"]
[SourceVersionDate "2016.10.25"]
[SourceQuality "1"]
[WhiteTeam "Muenster"]
[BlackTeam "Koeln SF"]
[WhiteTeamCountry "GER"]
[BlackTeamCountry "GER"]

1. c4 Nf6 2. Nc3 e5 3. Nf3 Nc6 4. a3 d6 5. d4 exd4 6. Nxd4 Ne5 7. e4 g6 8. Be2 Bg7 9. 0-0 0-0 10. f4 Nc6 11. Nc2 Re8 12. Bf3 Be6 13. Ne3 Na5 14. Qd3 Nb3 15. Rb1 Nd7 16. Na4 Ndc5 17. Nxc5 Nxc5 18. Qc2 Bd7 19. b3 f5 20. exf5 Bd4 21. Kh1 Bxe3 22. Bd5+ Kg7 23. Bb2+ Kh6 24. Qc3 Qe7 25. Rbe1 Qf8 26. Rxe3 Rxe3 27. Qxe3 Bxf5 28. Rf3 g5 29. fxg5+ Kh5 30. g4+ Kxg4 31. Qf4+ Kh5 32. Qxf5 Qxf5 33. Rxf5 Kg4 34. Rf2 Re8 35. Rg2+ Kh3 36. Rg3+ Kh4 37. Bf6 Re1+ 38. Kg2 Re2+ 39. Kf3 Rxh2 40. g6+ Kh5 41. gxh7 1-0

[Event "GER-chT11-B2 email"]
[Site "GER email"]
[Date "2015.10.15"]
[Round "?.2"]
[White "Kamp, Christoph"]
[Black "Geissler, Walter"]
[Result "1/2-1/2"]
[WhiteElo "2444"]
[BlackElo "2333"]
[PlyCount "111"]
[EventDate "2015.??.??"]
[EventType "tourn (corr)"]
[EventRounds "8"]
[EventCountry "GER"]
[SourceTitle "Corr 2017"]
[Source "ChessBase"]
[SourceDate "2017.09.19"]
[SourceVersion "1"]
[SourceVersionDate "2017.09.19"]
[SourceQuality "1"]
[WhiteTeam "SK Muenster 32"]
[BlackTeam "Schachfreunde Schlebusch"]

1. e4 c5 2. Nf3 d6 3. d4 cxd4 4. Nxd4 Nf6 5. Nc3 a6 6. Bg5 e6 7. f4 Qb6 8. Qd2 Qxb2 9. Rb1 Qa3 10. e5 h6 11. Bh4 dxe5 12. fxe5 g5 13. exf6 gxh4 14. Be2 Qa5 15. 0-0 Nd7 16. Rbd1 Qg5 17. Qd3 Rg8 18. Rf2 Nc5 19. Qc4 Bd7 20. Bf3 Rd8 21. Qe2 Bd6 22. Nf5 Bxh2+ 23. Kxh2 Qxf5 24. Nd5 Rg5 25. Nc7+ Kf8 26. Bxb7 Qg4 27. Qxg4 Rxg4 28. Bxa6 Ra4 29. Bf1 Kg8 30. Rfd2 Rxa2 31. Rd4 h3 32. Rc4 hxg2 33. Bxg2 Ra5 34. Nb5 Rxb5 35. Bc6 Kh7 36. Bxb5 Bxb5 37. Rxd8 Bxc4 38. Rc8 Kg6 39. Rxc5 Be2 40. Kg3 Kxf6 41. Rc7 h5 42. Kf2 Bg4 43. c4 e5 44. Rc6+ Be6 45. c5 e4 46. Rd6 h4 47. c6 Ke5 48. Rd8 Kf4 49. c7 e3+ 50. Kg1 Kg3 51. c8Q Bxc8 52. Rxc8 Kf3 53. Rf8 e2 54. Rxf7+ Ke3 55. Re7+ Kf3 56. Re8 1/2-1/2

[Event "NRW Class2 1415"]
[Site "Germany"]
[Date "2014.11.16"]
[Round "3.6"]
[White "Kamp, Christoph"]
[Black "Marcziter, Dmitrii"]
[Result "0-1"]
[WhiteElo "2169"]
[BlackElo "2179"]
[PlyCount "126"]
[EventDate "2014.09.14"]
[EventType "team-tourn"]
[EventRounds "9"]
[EventCountry "GER"]
[SourceTitle "EXT 2017"]
[Source "ChessBase"]
[SourceDate "2016.10.25"]
[SourceVersion "1"]
[SourceVersionDate "2016.10.25"]
[SourceQuality "1"]
[WhiteTeam "Muenster"]
[BlackTeam "Aachen Aufwaerts II"]
[WhiteTeamCountry "GER"]
[BlackTeamCountry "GER"]

1. c4 e6 2. Nc3 d5 3. d4 c5 4. cxd5 exd5 5. Nf3 Nc6 6. g3 Nf6 7. Bg2 Be7 8. 0-0 0-0 9. Bg5 cxd4 10. Nxd4 h6 11. Be3 Bg4 12. h3 Be6 13. Rc1 Qd7 14. Kh2 a6 15. Na4 Rad8 16. Nxc6 bxc6 17. Nc5 Bxc5 18. Bxc5 Rfe8 19. Bd4 Ne4 20. Qa4 Rc8 21. Qa3 Qb7 22. f3 Nd2 23. Rfe1 Nc4 24. Qc5 f6 25. b3 Ne5 26. Qc2 Bf7 27. f4 Bg6 28. Qd2 Nd7 29. Bf2 Be4 30. Bf3 c5 31. Bxe4 Rxe4 32. Rcd1 Nb6 33. Qa5 d4 34. Rd2 Nd5 35. Rc2 Nc3 36. e3 Qe7 37. Qxa6 Re8 38. Qc4+ Kh8 39. Bg1 Rd8 40. Qf1 Nd5 41. Qb5 d3 42. Qxd3 Nb4 43. Qc3 Rd3 44. Qb2 Nxc2 45. Qxc2 Qd6 46. Bf2 Qd5 47. Re2 f5 48. g4 c4 49. bxc4 Rxc4 50. Qb2 Qe4 51. gxf5 Qxf5 52. Be1 Qd7 53. Qb8+ Rc8 54. Qe5 Rd5 55. Qe4 Re8 56. Qc4 Rh5 57. h4 Rc8 58. Qd4 Rd5 59. Qb2 Rd3 60. Bf2 Rd8 61. Be1 Qe7 62. Bf2 Rd1 63. Be1 Rxe1 0-1

[Event "Oberliga NRW 1314"]
[Site "Germany"]
[Date "2013.12.08"]
[Round "4.4"]
[White "Kamp, Christoph"]
[Black "Krieg, Nikolaj"]
[Result "1/2-1/2"]
[WhiteElo "2156"]
[BlackElo "2342"]
[PlyCount "114"]
[EventDate "2013.09.15"]
[EventType "team-tourn"]
[EventRounds "9"]
[EventCountry "GER"]
[SourceTitle "EXT 2015"]
[Source "ChessBase"]
[SourceDate "2014.11.20"]
[SourceVersion "1"]
[SourceVersionDate "2014.11.20"]
[SourceQuality "1"]
[WhiteTeam "Muenster"]
[BlackTeam "Solingen II"]
[WhiteTeamCountry "GER"]
[BlackTeamCountry "GER"]

1. c4 c5 2. Nf3 Nf6 3. Nc3 b6 4. g3 Bb7 5. Bg2 e6 6. 0-0 Be7 7. Re1 d6 8. e4 Nbd7 9. d4 cxd4 10. Nxd4 Qc7 11. Be3 a6 12. Rc1 0-0 13. b3 Rfe8 14. f4 Bf8 15. Bf2 Rad8 16. f5 exf5 17. Nd5 Qb8 18. Nxf5 g6 19. Nd4 h5 20. h3 Rc8 21. Qd2 Bg7 22. Rcd1 Re5 23. Qb4 Rce8 24. Nxf6+ Nxf6 25. Qxb6 Nxe4 26. Bxe4 Rxe4 27. Rxe4 Bxe4 28. Qxb8 Rxb8 29. Be3 Rc8 30. Kf2 d5 31. cxd5 Bxd5 32. Nf3 Be6 33. h4 Bg4 34. Rc1 Rd8 35. Rc6 Bc8 36. Rc2 Bb7 37. Rc7 Bd5 38. Rc5 Bf8 39. Rc2 Be4 40. Rc4 Bb1 41. Nd2 Bf5 42. Rd4 Re8 43. Rc4 Re6 44. Nf3 Bg4 45. Ng5 Re5 46. Re4 Ra5 47. a4 f6 48. Nf3 Kf7 49. Nd2 Rd5 50. Rc4 Rf5+ 51. Rf4 Rd5 52. Rc4 Bd6 53. Rc6 Rd3 54. Nc4 Be7 55. Rxa6 Rxb3 56. a5 Rb4 57. Nd6+ Bxd6 1/2-1/2

[Event "GER-chT10 LJ-01 Br02 email"]
[Site "GER email"]
[Date "2013.10.04"]
[Round "?"]
[White "Kamp, Christoph"]
[Black "Joppich, Ulrich"]
[Result "1/2-1/2"]
[WhiteElo "2290"]
[BlackElo "2254"]
[PlyCount "106"]
[EventDate "2013.10.15"]
[EventType "tourn (corr)"]
[EventRounds "8"]
[EventCountry "GER"]
[SourceTitle "Corr 2020"]
[Source "ChessBase"]
[SourceDate "2019.09.30"]
[SourceVersion "1"]
[SourceVersionDate "2019.09.30"]
[SourceQuality "1"]

1. e4 c5 2. Nf3 d6 3. d4 cxd4 4. Nxd4 Nf6 5. f3 e5 6. Nb3 Be6 7. c4 Be7 8. Be3 a5 9. Nc3 0-0 10. Be2 Nc6 11. Nd5 Nd7 12. Nxe7+ Qxe7 13. 0-0 Nc5 14. Qd2 a4 15. Nc1 Rfc8 16. Rd1 Na5 17. Qb4 Ra6 18. Bf1 h5 19. Bf2 Qg5 20. Kh1 Qf6 21. Kg1 Qg5 22. h4 Qe7 23. Re1 Raa8 24. Rd1 Ra6 25. Rd2 Kh7 26. Rc2 f5 27. exf5 Bxf5 28. Rd2 e4 29. Rd5 Qf7 30. Qc3 Be6 31. Rd4 Rf8 32. Ne2 exf3 33. gxf3 Bxc4 34. Qc2+ g6 35. Rf4 Qg8 36. Bxc5 dxc5 37. Rd1 Qg7 38. Rxc4 Nxc4 39. Qxc4 Qe7 40. Rd3 Rb6 41. Qxa4 Rf7 42. Qc2 Qxh4 43. b3 Qg5+ 44. Bg2 Re6 45. Qd2 Qh4 46. f4 Qg4 47. Re3 Rfe7 48. Rxe6 Qxe6 49. Kf2 h4 50. Nc3 Qg4 51. Nd5 Qg3+ 52. Kf1 Rf7 53. Be4 b5 1/2-1/2

[Event "GER-chT10 LJ-01 Br02 email"]
[Site "GER email"]
[Date "2013.10.04"]
[Round "?"]
[White "Moll, Reinhard"]
[Black "Kamp, Christoph"]
[Result "1-0"]
[WhiteElo "2292"]
[BlackElo "2290"]
[PlyCount "105"]
[EventDate "2013.10.15"]
[EventType "tourn (corr)"]
[EventRounds "8"]
[EventCountry "GER"]
[SourceTitle "Corr 2015"]
[Source "ChessBase"]
[SourceDate "2015.07.17"]
[SourceVersion "1"]
[SourceVersionDate "2015.07.17"]
[SourceQuality "1"]

1. e4 e6 2. d4 d5 3. Nc3 Bb4 4. e5 c5 5. a3 Bxc3+ 6. bxc3 Ne7 7. Qg4 cxd4 8. Qxg7 Rg8 9. Qxh7 Qc7 10. Ne2 Nbc6 11. f4 dxc3 12. h4 d4 13. h5 Bd7 14. h6 0-0-0 15. Qd3 Kb8 16. Rh3 Bc8 17. Rb1 b6 18. Kf2 Rh8 19. g4 Bb7 20. Bg2 a5 21. Qb5 Ka7 22. Qa4 Qd7 23. g5 Qc7 24. Be4 Ba6 25. Rd3 Bxd3 26. Bxd3 Nf5 27. Qb5 Nb8 28. Bxf5 exf5 29. a4 Qb7 30. Qc4 Rc8 31. Qd3 Qh1 32. Qxd4 Rc6 33. Rb5 Qh2+ 34. Ke1 Na6 35. Qd5 Re6 36. Rb3 Qh4+ 37. Kf1 Nc5 38. Rxc3 Kb8 39. Rxc5 bxc5 40. Kg2 Rexh6 41. gxh6 Qxh6 42. Kf1 Qh1+ 43. Qxh1 Rxh1+ 44. Kg2 Rd1 45. Kf3 Kc7 46. Ke3 Rf1 47. c4 Kc6 48. Bd2 Ra1 49. Nc3 Rh1 50. Kd3 Rh3+ 51. Be3 Rh1 52. Nd5 Ra1 53. Ne7+ 1-0

[Event "GER-chT10 LJ-01 Br02 email"]
[Site "GER email"]
[Date "2013.10.04"]
[Round "?"]
[White "Rio, Roland Del"]
[Black "Kamp, Christoph"]
[Result "1-0"]
[WhiteElo "2263"]
[BlackElo "2290"]
[PlyCount "171"]
[EventDate "2013.10.15"]
[EventType "tourn (corr)"]
[EventRounds "8"]
[EventCountry "GER"]
[SourceTitle "Corr 2020"]
[Source "ChessBase"]
[SourceDate "2019.09.30"]
[SourceVersion "1"]
[SourceVersionDate "2019.09.30"]
[SourceQuality "1"]

1. d4 d5 2. c4 c6 3. Nf3 Nf6 4. Nc3 e6 5. Bg5 h6 6. Bh4 dxc4 7. e4 g5 8. Bg3 b5 9. Be2 Bb7 10. e5 Nd5 11. 0-0 Nxc3 12. bxc3 c5 13. a4 h5 14. h3 g4 15. hxg4 hxg4 16. Nh2 Qd5 17. f3 cxd4 18. Nxg4 Nd7 19. cxd4 a6 20. axb5 axb5 21. Rxa8+ Bxa8 22. Qa1 Bb7 23. Rb1 Rg8 24. Ne3 Qc6 25. Bf2 Be7 26. Qa5 Ba6 27. Bd1 Bd8 28. Qa3 Be7 29. Qa5 Bd8 30. Qa1 Bg5 31. Nc2 Be7 32. Qa5 Qb6 33. Qa2 Bb7 34. Qb2 Ba6 35. Nb4 Bb7 36. Na2 Ba6 37. Nb4 Bb7 38. Nc2 Ba6 39. Be2 Qc6 40. Qa2 Nf8 41. Nb4 Bxb4 42. Rxb4 f5 43. exf6 Nd7 44. d5 exd5 45. Qd2 Qd6 46. Rb1 Nxf6 47. Qd4 Nd7 48. Qa7 Qc6 49. Re1 Kd8 50. Bd1 d4 51. Qxd4 Bb7 52. Qf4 Qg6 53. g4 Rf8 54. Qd2 Rh8 55. Bg3 Qh6 56. Qb4 Bd5 57. Kg2 Qc6 58. Qa3 Rf8 59. Bd6 Rg8 60. Kg3 Kc8 61. Bc2 Bxf3 62. Bf5 Bh1 63. Re7 Qg2+ 64. Kh4 Rh8+ 65. Kg5 Qd2+ 66. Re3 Bc6 67. Qa6+ Kd8 68. Bf4 Rg8+ 69. Kh5 Rh8+ 70. Kg6 Rg8+ 71. Kh7 Rh8+ 72. Kxh8 Qd4+ 73. Re5 Qxf4 74. Qa5+ Kc8 75. Re8+ Kb7 76. Qa8+ Kb6 77. Qd8+ Kc5 78. Re6 b4 79. Rxc6+ Kxc6 80. Qxd7+ Kb6 81. Qe6+ Kb5 82. Qd5+ Kb6 83. Kg7 c3 84. Kg6 Qc7 85. g5 Qc5 86. Qe6+ 1-0

[Event "GER-chT10 LJ-01 Br02 email"]
[Site "GER email"]
[Date "2013.10.04"]
[Round "?"]
[White "Schwetlick, Thomas"]
[Black "Kamp, Christoph"]
[Result "1-0"]
[WhiteElo "2216"]
[BlackElo "2290"]
[PlyCount "103"]
[EventDate "2013.10.15"]
[EventType "tourn (corr)"]
[EventRounds "8"]
[EventCountry "GER"]
[SourceTitle "Corr 2020"]
[Source "ChessBase"]
[SourceDate "2019.09.30"]
[SourceVersion "1"]
[SourceVersionDate "2019.09.30"]
[SourceQuality "1"]

1. e4 e6 2. d4 d5 3. Nc3 Bb4 4. e5 c5 5. a3 Bxc3+ 6. bxc3 Ne7 7. Qg4 cxd4 8. Qxg7 Rg8 9. Qxh7 Qc7 10. Ne2 Nbc6 11. h4 dxc3 12. f4 b6 13. Nxc3 Nxe5 14. Nb5 Qb8 15. h5 a6 16. Nd4 Qd6 17. Ne2 Ng4 18. h6 Kf8 19. Qd3 Rh8 20. Bb2 Rxh6 21. Rxh6 Nxh6 22. 0-0-0 Ke8 23. Qh3 Nhg8 24. Qh8 a5 25. Kb1 Ba6 26. g4 Rc8 27. Nd4 Bc4 28. f5 Bxf1 29. Rxf1 exf5 30. gxf5 f6 31. Qh5+ Kd7 32. Re1 Rc4 33. Qf7 Ra4 34. Qf8 Qc5 35. c3 Rc4 36. Qf7 Qd6 37. Re6 Qc5 38. Re3 Qd6 39. Bc1 b5 40. Re6 Qb8 41. Ra6 Rxc3 42. Bd2 Rc4 43. Bf4 Qxf4 44. Ra7+ Qc7 45. Qe6+ Ke8 46. Rxc7 Rxc7 47. Qa6 Rc4 48. Nxb5 Rc6 49. Qxa5 Nh6 50. Qa4 Kf8 51. Nd4 Rc4 52. Qa6 1-0

[Event "NRW Class2 1213"]
[Site "Germany"]
[Date "2013.02.17"]
[Round "6.6"]
[White "Heuermann, Heinz Burkhard"]
[Black "Kamp, Christoph"]
[Result "0-1"]
[WhiteElo "1956"]
[BlackElo "2165"]
[PlyCount "70"]
[EventDate "2012.09.16"]
[EventType "team-tourn"]
[EventRounds "9"]
[EventCountry "GER"]
[SourceTitle "EXT 2017"]
[Source "ChessBase"]
[SourceDate "2016.10.25"]
[SourceVersion "1"]
[SourceVersionDate "2016.10.25"]
[SourceQuality "1"]
[WhiteTeam "Herford"]
[BlackTeam "Muenster"]
[WhiteTeamCountry "GER"]
[BlackTeamCountry "GER"]

1. Nf3 d5 2. g3 e6 3. Bg2 Nf6 4. d3 b6 5. 0-0 Bb7 6. Re1 Be7 7. Nfd2 c5 8. e4 Nc6 9. e5 Nd7 10. f4 Qc7 11. Nf3 h6 12. c3 0-0-0 13. d4 Kb8 14. Na3 a6 15. Bd2 Rc8 16. Rb1 Qd8 17. b4 cxb4 18. cxb4 b5 19. Qb3 Nb6 20. Rec1 Qd7 21. Nc2 Nc4 22. Bc3 g5 23. fxg5 hxg5 24. a4 bxa4 25. Qa2 Na7 26. Be1 Nb6 27. Bf1 Nb5 28. Na3 g4 29. Nxb5 axb5 30. Nd2 Nc4 31. Be2 Bg5 32. Bxg4 Be3+ 33. Kh1 Bxd4 34. Nf3 Be3 35. Kg2 Bxc1 0-1

[Event "GER-chT9 LI-23 Br02 email"]
[Site "GER email"]
[Date "2011.10.17"]
[Round "?"]
[White "Kamp, Christoph"]
[Black "Paessler, Hans Dieter"]
[Result "1-0"]
[WhiteElo "2309"]
[BlackElo "2053"]
[PlyCount "133"]
[EventDate "2011.10.23"]
[EventType "tourn (corr)"]
[EventRounds "10"]
[EventCountry "GER"]
[SourceTitle "Corr 2015"]
[Source "ChessBase"]
[SourceDate "2015.07.17"]
[SourceVersion "1"]
[SourceVersionDate "2015.07.17"]
[SourceQuality "1"]

1. e4 c6 2. d4 d5 3. e5 Bf5 4. Nf3 e6 5. Be2 Nd7 6. 0-0 Ne7 7. Nbd2 Ng6 8. Nb3 h5 9. Be3 Be7 10. Ne1 h4 11. f4 Nb6 12. Nd2 Na4 13. Rb1 Qd7 14. Bd3 h3 15. g3 c5 16. c3 Nf8 17. g4 Bxd3 18. Nxd3 c4 19. Nf2 0-0-0 20. Qf3 Ng6 21. Nxh3 f5 22. g5 Rh7 23. Nf2 Rdh8 24. h3 Qc6 25. Qg3 Nh4 26. Rfc1 Nb6 27. Nf1 Kb8 28. Bd2 Na8 29. Nh2 Qa4 30. Ra1 Ng6 31. Nf3 Nb6 32. Kh2 Rh5 33. Ng1 Qb5 34. Rcb1 Nh4 35. Nd1 Qa4 36. Rc1 Qa6 37. Ne3 R5h7 38. Qf2 Ng6 39. Ng2 Nd7 40. Be3 Rh5 41. Qd2 Nh4 42. Ne1 Nf8 43. Bf2 R5h7 44. Bxh4 Rxh4 45. Kg3 R4h5 46. Nef3 R5h7 47. Rf1 Ng6 48. Rf2 Nf8 49. Rh2 Bd8 50. Ne2 Nd7 51. h4 g6 52. Kf2 Qa4 53. Ng3 Nb6 54. Rah1 Qe8 55. Qe2 Nc8 56. Ne1 Ne7 57. Ke3 Qa4 58. a3 Qe8 59. h5 Kc7 60. hxg6 Rxh2 61. Rxh2 Nxg6 62. Nh5 Qa4 63. Nf3 Qe8 64. Nf6 Qf8 65. Qg2 Be7 66. Qh1 Rxh2 67. Qxh2 1-0